000 00874cam a2200229 4500
001 ABS65461
008 020514n2002 000 0 eng u
035 _a(Sirsi) u117955
100 _aMcNeill, G.
245 _aTowards a successful claim
260 _c2002
490 _aContract Journal
_v413(6375) 1 May 2002, 16-17(2)
520 _aGives a brief how-to guide relevant for small-to-medium sized contractors which advises how to increase the chance of putting together a successful claim. Gives pointers for checklists ranging from an Information schedule checklist; Possible delay checklist and the Claim checklist.
590 _aABS
650 _aCONSTRUCTION LITIGATION
650 _aContracts
_96232
650 _aCLAIMS
650 _aCONTRACT DOCUMENTATION
650 _aCHECKLISTS
690 _aBUILT ENVIRONMENT-BUILDING CONTRACT FORMS
942 _n0
999 _c70246
_d70246